Statistics for NCAA Football Rushing Records Quiz

Click here to take the quiz!

General Stats

  • This quiz has been taken 57 times
    (54 since last reset)
  • The average score is 8 of 21

Answer Stats

HintAnswer% Correct
Most rushing touchdowns, season (1988 Oklahoma State) 39Barry Sanders
88%
Highest average rushing yards per game, season (1988 Oklahoma State) 238.9Barry Sanders
88%
Most yards rushing, season (1988 Oklahoma State) 2,628Barry Sanders
88%
Most games with a Touchdown, career (2017- 2020 Clemson) 46Travis Etienne
60%
Most yards rushing, game (2014 Oklahoma) 427Samaje Perine
52%
Most consecutive games with a rushing touchdown, career (2021 Iowa State) 24Breece Hall
50%
Most yards rushing, career (1996- 1999 Wisconsin) 7,125Ron Dayne
50%
Most rushing attempts, season (2007 UCF) 450Kevin Smith
40%
Most games with 100+ rushing yards, career (2002- 2005 Memphis) 34DeAngelo Williams
33%
Most rushing touchdowns, career (2012-2015 Navy) 88Keenan Reynolds
26%
Most rushing touchdowns by a Quarterback, career (2012-2015 Navy) 88Keenan Reynolds
26%
Most rushing touchdown by a Quarterback, season (2013 Navy) 31Keenan Reynolds
26%
Most rushing touchdown by a Quarterback, game (2013 Navy) 7Keenan Reynolds
26%
Most rushing yards by a Quarterback, career (2012-2015 Navy) 4,559Keenan Reynolds
26%
Most consecutive rushing attempts without losing a fumble, career (2004-2008 Michigan) 1,005Mike Hart
26%
Most rushing touchdowns, game (1990 Illinois, 2016 Arizona State, 2020 Buffalo) 8Howard Griffith, Kalen Ballage, Jaret Patterson
14%
Most rushing yards by a Quarterback, game (2017 Arizona) 327Khalil Tate
14%
Most rushing yards by a Quarterback, season (2019 Navy) 2,017Malcolm Perry
12%
Most rushing attempts, game (1991 Kansas) 58Tony Sands
7%
Most consecutive rushing attempts without losing a fumble, season (1998 Miami OH) 365Travis Prentice
7%
Most rushing attempts, career (1983-1986 Colorado State) 1,215Steve Bartalo
5%

Score Distribution

Percentile by Number Answered

Percent of People with Each Score

Your Score History

You have not taken this quiz since the last reset